[Event "25. Roquetas de Mar 2014"]
[Site "Roquetas de Mar ESP"]
[Date "2014.01.04"]
[Round "5.5"]
[White "Svetushkin, Dmitry"]
[Black "Kovacevic, Slobodan"]
[Result "1-0"]
[WhiteElo "2586"]
[BlackElo "2347"]
[PlyCount "93"]
[EventDate "2014.01.02"]
[EventType "swiss"]
[EventRounds "9"]
[EventCountry "ESP"]
[Source "lmi"]
[SourceDate "2014.01.02"]

1. e4 c5 2. Nf3 e6 3. d4 cxd4 4. Nxd4 a6 5. Nc3 Qc7 6. Bd3 Nf6 7. f4 d6 8. Qf3
Nc6 9. Be3 Be7 10. h3 Bd7 11. g4 h6 12. O-O-O Nxd4 13. Bxd4 e5 14. Be3 exf4 15.
Bxf4 Be6 16. Nd5 Bxd5 17. exd5 Nd7 18. Rhe1 Ne5 19. Qe3 Bf6 20. h4 Bxh4 21.
Bxe5 dxe5 22. d6 Qxd6 23. Bc4 Qc7 24. Qxe5+ Qxe5 25. Rxe5+ Kf8 26. Rd7 Kg8 27.
Rxf7 Rd8 28. Rd7+ Kf8 29. Rf7+ Kg8 30. Rxb7+ Kh7 31. Bd3+ Rxd3 32. cxd3 Rd8 33.
Kc2 Rc8+ 34. Kb3 Rd8 35. Kc4 Bf6 36. Rd5 Rc8+ 37. Kb3 Rc1 38. Rb6 Rg1 39. Rxa6
Rxg4 40. a4 Rg2 41. Rxf6 gxf6 42. a5 Rg8 43. a6 Ra8 44. Ra5 Kg6 45. Ra1 h5 46.
Kb4 h4 47. Ka5 1-0

[Event "25. Roquetas de Mar 2014"]
[Site "Roquetas de Mar ESP"]
[Date "2014.01.04"]
[Round "5.6"]
[White "Santos Ruiz, Miguel"]
[Black "Castellanos Rodriguez, Renier"]
[Result "1-0"]
[WhiteElo "2297"]
[BlackElo "2506"]
[PlyCount "67"]
[EventDate "2014.01.02"]
[EventType "swiss"]
[EventRounds "9"]
[EventCountry "ESP"]
[Source "lmi"]
[SourceDate "2014.01.02"]

1. e4 c5 2. d4 cxd4 3. c3 Nf6 4. e5 Nd5 5. Nf3 e6 6. cxd4 d6 7. a3 Nc6 8. Bd3
dxe5 9. dxe5 g6 10. O-O Bg7 11. Qe2 O-O 12. Bd2 Nce7 13. h4 h5 14. Bg5 Bd7 15.
Nbd2 Qb8 16. Ne4 Nf5 17. Bc4 Bc6 18. Bxd5 Bxd5 19. Nf6+ Bxf6 20. Bxf6 b5 21.
Nd2 Qb6 22. Ne4 Bxe4 23. Qxe4 Ng3 24. Qf3 Nxf1 25. Qf4 Kh7 26. Rxf1 Qc7 27. Rd1
Rac8 28. Qb4 a6 29. Qd6 Qc2 30. b4 Qe2 31. Rf1 Kg8 32. Qxa6 Ra8 33. Qc6 Rxa3
34. Qc1 1-0

[Event "25. Roquetas de Mar 2014"]
[Site "Roquetas de Mar ESP"]
[Date "2014.01.05"]
[Round "6.1"]
[White "Ibarra Jerez, Jose Carlos"]
[Black "Barria Zuñiga, Daniel"]
[Result "1/2-1/2"]
[WhiteElo "2510"]
[BlackElo "2435"]
[PlyCount "44"]
[EventDate "2014.01.02"]
[EventType "swiss"]
[EventRounds "9"]
[EventCountry "ESP"]
[Source "lmi"]
[SourceDate "2014.01.02"]

1. e4 c5 2. Nf3 e6 3. d4 cxd4 4. Nxd4 a6 5. c4 Nf6 6. Nc3 Bb4 7. Qc2 Bxc3+ 8.
bxc3 Qc7 9. Ba3 d6 10. Rd1 O-O 11. Nb3 Rd8 12. Be2 b6 13. O-O Bb7 14. f3 Nc6
15. Rd2 Rd7 16. Rfd1 Rad8 17. Bf1 h6 18. Qc1 Ne5 19. Rd4 Nc6 20. R4d2 Ne5 21.
Rd4 Nc6 22. R4d2 Ne5 1/2-1/2

[Event "25. Roquetas de Mar 2014"]
[Site "Roquetas de Mar ESP"]
[Date "2014.01.05"]
[Round "6.2"]
[White "Gonzalez Perez, Arian"]
[Black "Fernandez Romero, Ernesto"]
[Result "1/2-1/2"]
[WhiteElo "2492"]
[BlackElo "2468"]
[PlyCount "73"]
[EventDate "2014.01.02"]
[EventType "swiss"]
[EventRounds "9"]
[EventCountry "ESP"]
[Source "lmi"]
[SourceDate "2014.01.02"]

1. d4 Nf6 2. c4 b6 3. Nc3 Bb7 4. d5 e6 5. e4 exd5 6. exd5 Bd6 7. Nf3 O-O 8. Be2
c6 9. Bg5 Re8 10. O-O h6 11. Bh4 Na6 12. Nd4 cxd5 13. Nxd5 Bxd5 14. cxd5 Nc5
15. Nf5 Bf8 16. Bf3 g6 17. d6 Rc8 18. Qd4 g5 19. Bg3 Ne6 20. Qd2 Nc5 21. Rae1
Nfe4 22. Bxe4 Nxe4 23. Qd4 Qf6 24. Nxh6+ Bxh6 25. Rxe4 Qxd4 26. Rxd4 Rc2 27. h4
Bg7 28. Ra4 gxh4 29. Bxh4 a5 30. Be7 f6 31. b3 Kf7 32. Rc4 Rxc4 33. bxc4 Rc8
34. Rc1 Rc6 35. g3 f5 36. Kg2 Be5 37. Kf3 1/2-1/2

[Event "25. Roquetas de Mar 2014"]
[Site "Roquetas de Mar ESP"]
[Date "2014.01.05"]
[Round "6.3"]
[White "Panelo, Marcelo"]
[Black "Svetushkin, Dmitry"]
[Result "1/2-1/2"]
[WhiteElo "2443"]
[BlackElo "2586"]
[PlyCount "121"]
[EventDate "2014.01.02"]
[EventType "swiss"]
[EventRounds "9"]
[EventCountry "ESP"]
[Source "lmi"]
[SourceDate "2014.01.02"]

1. d4 d5 2. c4 c6 3. Nf3 Nf6 4. Nc3 dxc4 5. a4 e6 6. e4 Bb4 7. e5 Nd5 8. Bd2 b5
9. Ng5 Be7 10. Qh5 Bxg5 11. Bxg5 Qa5 12. Bd2 Nxc3 13. bxc3 Bb7 14. Qg4 O-O 15.
Be2 Qc7 16. O-O Kh8 17. Bd1 Nd7 18. Bc2 f5 19. exf6 Nxf6 20. Qg5 Qf7 21. Rae1
Rae8 22. Qh4 a6 23. Re5 g6 24. Rfe1 Nd5 25. Bh6 Rg8 26. Qg3 a5 27. R5e3 Qc7 28.
Qh4 Nxe3 29. Qf6+ Rg7 30. Rxe3 Kg8 31. Bxg7 Qxg7 32. Qg5 Qe7 33. Qe5 b4 34. Rg3
Qg7 35. Qc5 b3 36. Bb1 Qe7 37. Qh5 Qg7 38. Qxa5 c5 39. Qxc5 Bd5 40. h4 Qh6 41.
Re3 Qxh4 42. f3 Qh6 43. Kf2 Qh4+ 44. Kg1 Qf4 45. Kf2 Rf8 46. Qe7 Rf7 47. Qd8+
Kg7 48. a5 Qc7 49. Qg5 Qe7 50. Qg3 Qf6 51. a6 Qf4 52. Qxf4 Rxf4 53. Be4 Bxe4
54. Rxe4 Rxe4 55. a7 b2 56. a8=Q b1=Q 57. Qxe4 Qb2+ 58. Kg3 Qxc3 59. Qe5+ Kf7
60. Qc7+ Ke8 61. Qc8+ 1/2-1/2

[Event "25. Roquetas de Mar 2014"]
[Site "Roquetas de Mar ESP"]
[Date "2014.01.05"]
[Round "6.5"]
[White "Ducarmon, Quinten"]
[Black "Pogorelov, Ruslan"]
[Result "1-0"]
[WhiteElo "2456"]
[BlackElo "2377"]
[PlyCount "87"]
[EventDate "2014.01.02"]
[EventType "swiss"]
[EventRounds "9"]
[EventCountry "ESP"]
[Source "lmi"]
[SourceDate "2014.01.02"]

1. e4 c6 2. d4 d5 3. e5 Bf5 4. Nf3 e6 5. Be2 Nd7 6. O-O Bg6 7. Nbd2 Nh6 8. Nb3
Nf5 9. a4 a6 10. a5 c5 11. dxc5 Nxc5 12. Nxc5 Bxc5 13. c4 dxc4 14. Qa4+ Qd7 15.
Rd1 Qb5 16. Qxc4 Qxc4 17. Bxc4 Ne7 18. Bd2 Rc8 19. Rac1 O-O 20. b4 Ba7 21. Bg5
Rc7 22. Bxa6 Rxc1 23. Rxc1 bxa6 24. Bxe7 Re8 25. Bd6 f6 26. Rc7 Bb8 27. Rc6 Bd3
28. h3 Kf7 29. Rb6 Bxd6 30. Rxd6 Bc4 31. Nd2 Be2 32. Ne4 fxe5 33. Rd2 Bb5 34.
Nd6+ Ke7 35. Nxe8 Bxe8 36. f3 Bc6 37. Kf2 g5 38. Ke3 h5 39. g3 Bb7 40. Rh2 Bd5
41. h4 Kf6 42. hxg5+ Kxg5 43. b5 axb5 44. Rb2 1-0

[Event "25. Roquetas de Mar 2014"]
[Site "Roquetas de Mar ESP"]
[Date "2014.01.05"]
[Round "6.6"]
[White "Firat, Burak"]
[Black "Camacho Collados, Jose"]
[Result "1-0"]
[WhiteElo "2448"]
[BlackElo "2377"]
[PlyCount "77"]
[EventDate "2014.01.02"]
[EventType "swiss"]
[EventRounds "9"]
[EventCountry "ESP"]
[Source "lmi"]
[SourceDate "2014.01.02"]

1. e4 c5 2. Nf3 Nc6 3. d4 cxd4 4. Nxd4 Nf6 5. Nc3 e6 6. Ndb5 Bc5 7. Bf4 O-O 8.
Bc7 Qe7 9. Bd6 Bxd6 10. Qxd6 Ne8 11. Qxe7 Nxe7 12. O-O-O f5 13. exf5 Nxf5 14.
f4 Ne3 15. Re1 Nf5 16. Ne4 b6 17. g3 Bb7 18. Bg2 Nfd6 19. Nbxd6 Nxd6 20. Nxd6
Bxg2 21. Rhg1 Bc6 22. Re5 Rf6 23. b3 Kf8 24. a4 Ke7 25. Rd1 h6 26. Kb2 Rg8 27.
Nb5 Bxb5 28. axb5 g5 29. fxg5 Rxg5 30. Rxg5 hxg5 31. Ra1 Rf5 32. c4 Rf2+ 33.
Kc3 Rxh2 34. Rxa7 Rh3 35. Rb7 Rxg3+ 36. Kb4 g4 37. Rxb6 Rf3 38. Rb8 g3 39. b6
1-0

[Event "25. Roquetas de Mar 2014"]
[Site "Roquetas de Mar ESP"]
[Date "2014.01.05"]
[Round "7.1"]
[White "Fernandez Romero, Ernesto"]
[Black "Ibarra Jerez, Jose Carlos"]
[Result "1/2-1/2"]
[WhiteElo "2468"]
[BlackElo "2510"]
[PlyCount "47"]
[EventDate "2014.01.02"]
[EventType "swiss"]
[EventRounds "9"]
[EventCountry "ESP"]
[Source "lmi"]
[SourceDate "2014.01.02"]

1. e4 e6 2. d4 d5 3. Nc3 Nf6 4. Bg5 Bb4 5. e5 h6 6. exf6 hxg5 7. fxg7 Rg8 8. h4
gxh4 9. Qg4 Qf6 10. Qxh4 Qxg7 11. Nf3 Nc6 12. O-O-O a6 13. a3 Be7 14. Qf4 Bd6
15. Qe3 Be7 16. Qf4 Bd6 17. Qe3 Be7 18. Bd3 Rh8 19. Rxh8+ Qxh8 20. Qf4 Bd6 21.
Qe3 Be7 22. Qf4 Bd6 23. Qe3 Be7 24. Qf4 1/2-1/2

[Event "25. Roquetas de Mar 2014"]
[Site "Roquetas de Mar ESP"]
[Date "2014.01.05"]
[Round "7.3"]
[White "Plaskett, James H."]
[Black "Firat, Burak"]
[Result "1/2-1/2"]
[WhiteElo "2490"]
[BlackElo "2448"]
[PlyCount "140"]
[EventDate "2014.01.02"]
[EventType "swiss"]
[EventRounds "9"]
[EventCountry "ESP"]
[Source "lmi"]
[SourceDate "2014.01.02"]

1. c4 Nf6 2. Nc3 d5 3. cxd5 Nxd5 4. e4 Nxc3 5. bxc3 g6 6. Bc4 Bg7 7. h4 h6 8.
d4 c5 9. Ne2 Nc6 10. Be3 O-O 11. Qd2 cxd4 12. cxd4 Qa5 13. Rb1 Rd8 14. Bd5 e6
15. Bxc6 Qxd2+ 16. Kxd2 bxc6 17. Rhd1 Ba6 18. Ke1 c5 19. dxc5 Bd3 20. Rbc1 Bb2
21. f3 Bxc1 22. Rxc1 Rab8 23. c6 Rb2 24. Nf4 Bc2 25. Bxa7 Rc8 26. a4 Ra2 27. a5
Rxc6 28. Be3 Rxa5 29. Ne2 e5 30. Bxh6 Ra2 31. Bd2 Rc4 32. Nc3 Rb2 33. Nd1 Rb1
34. Ne3 Rxc1+ 35. Bxc1 Rc6 36. Bd2 f5 37. Nd5 Kf7 38. Nb4 Rc4 39. Nxc2 Rxc2 40.
Ke2 f4 41. Kd3 Ra2 42. Ke2 Ke6 43. Kd3 Kd6 44. Bb4+ Kc6 45. Bc3 Rxg2 46. Bxe5
Rf2 47. Bxf4 Rxf3+ 48. Be3 Rh3 49. Kd4 Rxh4 50. Ke5 Rh3 51. Bg5 Rf3 52. Ke6 Kc7
53. e5 Rf1 54. Bf6 Re1 55. Kf7 Kd7 56. Kxg6 Ke6 57. Kg5 Re4 58. Bg7 Re1 59. Bf6
Rf1 60. Kg4 Kf7 61. Bg5 Kg6 62. Bf4 Re1 63. Bg3 Re4+ 64. Kf3 Kf5 65. Bh2 Rb4
66. e6 Rb3+ 67. Kg2 Kxe6 68. Bg1 Rb2+ 69. Kh1 Rb1 70. Kg2 Rxg1+ 1/2-1/2

[Event "25. Roquetas de Mar 2014"]
[Site "Roquetas de Mar ESP"]
[Date "2014.01.05"]
[Round "7.4"]
[White "Svetushkin, Dmitry"]
[Black "Lazarev, Vladimir"]
[Result "1-0"]
[WhiteElo "2586"]
[BlackElo "2414"]
[PlyCount "59"]
[EventDate "2014.01.02"]
[EventType "swiss"]
[EventRounds "9"]
[EventCountry "ESP"]
[Source "lmi"]
[SourceDate "2014.01.02"]

1. e4 c5 2. Nf3 Nc6 3. Bb5 Qb6 4. Nc3 e6 5. Bxc6 bxc6 6. O-O Ne7 7. e5 Ng6 8.
h4 h5 9. b3 Be7 10. Ne4 f6 11. Bb2 Kf7 12. exf6 gxf6 13. Nfg5+ Kg7 14. Ng3 e5
15. Nxh5+ Kf8 16. Ne4 f5 17. f4 c4+ 18. Kh1 d5 19. fxe5 dxe4 20. e6 Rg8 21.
Rxf5+ Ke8 22. Nf6+ Bxf6 23. Rxf6 Qc5 24. Qg4 Ne7 25. Raf1 Kd8 26. Rf8+ Rxf8 27.
Rxf8+ Kc7 28. Qg7 cxb3 29. axb3 Bb7 30. Be5+ 1-0

[Event "25. Roquetas de Mar 2014"]
[Site "Roquetas de Mar ESP"]
[Date "2014.01.05"]
[Round "7.5"]
[White "Kanmazalp, Ogulcan"]
[Black "Gonzalez Perez, Arian"]
[Result "1-0"]
[WhiteElo "2401"]
[BlackElo "2492"]
[PlyCount "85"]
[EventDate "2014.01.02"]
[EventType "swiss"]
[EventRounds "9"]
[EventCountry "ESP"]
[Source "lmi"]
[SourceDate "2014.01.02"]

1. e4 e5 2. Nf3 Nc6 3. Bb5 a6 4. Ba4 Nf6 5. O-O Be7 6. Re1 b5 7. Bb3 O-O 8. a4
b4 9. d3 d6 10. Nbd2 Na5 11. Ba2 c5 12. c3 Nc6 13. Nc4 bxc3 14. bxc3 Rb8 15.
Bg5 Be6 16. Qc2 h6 17. Bxf6 Bxf6 18. Ne3 Bg5 19. Nxg5 Qxg5 20. Rab1 Qe7 21.
Bxe6 fxe6 22. Qa2 Kf7 23. g3 Rxb1 24. Rxb1 Rb8 25. Rxb8 Nxb8 26. Qb3 Qa7 27.
Nf5 Qd7 28. Qxb8 exf5 29. exf5 c4 30. dxc4 Qxf5 31. Qb7+ Kf6 32. c5 dxc5 33.
Qxa6+ Ke7 34. Qb5 Kd6 35. Qb6+ Kd5 36. a5 Kc4 37. a6 e4 38. a7 Qc8 39. h4 e3
40. fxe3 Qe8 41. Qa6+ Kxc3 42. a8=Q Qxe3+ 43. Kh2 1-0

[Event "25. Roquetas de Mar 2014"]
[Site "Roquetas de Mar ESP"]
[Date "2014.01.06"]
[Round "8.1"]
[White "Ibarra Jerez, Jose Carlos"]
[Black "Svetushkin, Dmitry"]
[Result "1/2-1/2"]
[WhiteElo "2510"]
[BlackElo "2586"]
[PlyCount "128"]
[EventDate "2014.01.02"]
[EventType "swiss"]
[EventRounds "9"]
[EventCountry "ESP"]
[Source "lmi"]
[SourceDate "2014.01.02"]

1. e4 c6 2. d4 d5 3. Nc3 dxe4 4. Nxe4 Bf5 5. Nc5 Nd7 6. Bd3 Bxd3 7. Nxd3 Ngf6
8. Nf3 e6 9. O-O Be7 10. c4 O-O 11. Be3 a5 12. Qc2 Qc7 13. Rfe1 Rfd8 14. Rad1
a4 15. h3 h6 16. Bf4 Qa5 17. Re2 Rac8 18. Bd2 Qa6 19. Bf4 Bf8 20. b3 b5 21. c5
axb3 22. axb3 Nd5 23. Bc1 Ra8 24. Rde1 Qb7 25. Bb2 Be7 26. Re4 Ra2 27. Nc1 Ra6
28. Nd3 Rda8 29. g3 Bf6 30. Kg2 Qb8 31. R4e2 h5 32. Re4 g6 33. Kg1 Qf8 34. Kh2
Ra2 35. Nc1 R2a6 36. Nd3 Qg7 37. Kg2 Be7 38. R4e2 Bf6 39. Re4 Bd8 40. R4e2 Bc7
41. Re4 Ra2 42. Nc1 R2a6 43. Nd3 Qf8 44. R4e2 Ra2 45. Nc1 R2a7 46. Nd3 Ra6 47.
Re4 Ra2 48. Nc1 N7f6 49. R4e2 Nb4 50. Qb1 R2a6 51. Bc3 Nfd5 52. Bd2 Qg7 53. Qe4
Na2 54. Nxa2 Rxa2 55. Qd3 Qf6 56. Ng5 Qf5 57. Ne4 Rb2 58. Bc1 Rba2 59. Bd2 Nf6
60. Nxf6+ Qxf6 61. Qe4 R2a6 62. g4 Rd8 63. Bc3 Rd5 64. Rb1 Ra8 1/2-1/2

[Event "25. Roquetas de Mar 2014"]
[Site "Roquetas de Mar ESP"]
[Date "2014.01.06"]
[Round "8.2"]
[White "Fernandez Romero, Ernesto"]
[Black "Barria Zuñiga, Daniel"]
[Result "1/2-1/2"]
[WhiteElo "2468"]
[BlackElo "2435"]
[PlyCount "68"]
[EventDate "2014.01.02"]
[EventType "swiss"]
[EventRounds "9"]
[EventCountry "ESP"]
[Source "lmi"]
[SourceDate "2014.01.02"]

1. e4 c5 2. Nf3 e6 3. d4 cxd4 4. Nxd4 a6 5. Nc3 Qc7 6. Qf3 Nc6 7. Be3 Nf6 8.
O-O-O Bb4 9. Nxc6 bxc6 10. Bd4 Bb7 11. Bxf6 gxf6 12. Qxf6 Rg8 13. Kb1 Bd6 14.
Qd4 Be5 15. Qe3 c5 16. Ne2 Qb6 17. b3 Bc6 18. f4 Bh8 19. e5 a5 20. Nc1 a4 21.
Rd6 axb3 22. cxb3 Qb4 23. Rxc6 dxc6 24. Qf3 Ke7 25. Bc4 Rgd8 26. Rd1 Rxd1 27.
Qxd1 Rd8 28. Nd3 Qc3 29. Qc2 Qd4 30. g3 Qg1+ 31. Kb2 Qd4+ 32. Kb1 Qg1+ 33. Kb2
Qd4+ 34. Kb1 Qg1+ 1/2-1/2

[Event "25. Roquetas de Mar 2014"]
[Site "Roquetas de Mar ESP"]
[Date "2014.01.06"]
[Round "8.3"]
[White "Ducarmon, Quinten"]
[Black "Kanmazalp, Ogulcan"]
[Result "1-0"]
[WhiteElo "2456"]
[BlackElo "2401"]
[PlyCount "68"]
[EventDate "2014.01.02"]
[EventType "swiss"]
[EventRounds "9"]
[EventCountry "ESP"]
[Source "lmi"]
[SourceDate "2014.01.02"]

1. e4 e5 2. Nf3 Nc6 3. d4 exd4 4. Nxd4 Nf6 5. Nc3 Bb4 6. Nxc6 bxc6 7. Bd3 O-O
8. O-O d5 9. exd5 cxd5 10. h3 Re8 11. Qf3 Rb8 12. Bf4 Ba5 13. Rab1 d4 14. Ne4
Nxe4 15. Bxe4 Qf6 16. Bd3 Bf5 17. a3 h6 18. b4 Bxd3 19. cxd3 g5 20. Bg3 Bb6 21.
Rfc1 a5 22. Bxc7 Bxc7 23. Rxc7 Re2 24. b5 Rd2 25. Ra7 Rxd3 26. Rxa5 Rc3 27. Rd1
d3 28. a4 Rd8 29. b6 Rb3 30. Ra6 Rb2 31. a5 Re8 32. Ra7 Ree2 33. b7 Kg7 34. a6
d2 1-0

[Event "25. Roquetas de Mar 2014"]
[Site "Roquetas de Mar ESP"]
[Date "2014.01.06"]
[Round "8.4"]
[White "Firat, Burak"]
[Black "Santos Ruiz, Miguel"]
[Result "1/2-1/2"]
[WhiteElo "2448"]
[BlackElo "2297"]
[PlyCount "242"]
[EventDate "2014.01.02"]
[EventType "swiss"]
[EventRounds "9"]
[EventCountry "ESP"]
[Source "lmi"]
[SourceDate "2014.01.02"]

1. e4 e6 2. d4 d5 3. Nc3 Nf6 4. e5 Nfd7 5. f4 c5 6. Nf3 Nc6 7. Be3 Be7 8. Qd2
O-O 9. Be2 b6 10. Nd1 cxd4 11. Nxd4 Nxd4 12. Bxd4 Nc5 13. Nf2 f5 14. exf6 Bxf6
15. O-O Bb7 16. Ng4 Ne4 17. Nxf6+ gxf6 18. Qe3 Qc7 19. Bd3 Qg7 20. c4 Rfe8 21.
cxd5 exd5 22. Rae1 Kf7 23. Be2 Qh6 24. Qd3 Re7 25. Bf3 Rae8 26. Qd1 Rc8 27.
Bh5+ Kf8 28. g4 f5 29. g5 Qc6 30. Be2 Qc2 31. Bd3 Qxd1 32. Rxd1 Kf7 33. Rf3
Rec7 34. Rh3 Kg8 35. Kf1 Rc1 36. Rxc1 Rxc1+ 37. Ke2 Ra1 38. g6 hxg6 39. Rh8+
Kf7 40. Rh7+ Kf8 41. Rxb7 Rxa2 42. Bc2 Ra1 43. Bb3 Rh1 44. Rb8+ Ke7 45. Rh8 Nf6
46. Bxf6+ Kxf6 47. Bxd5 Rb1 48. Rh7 Rxb2+ 49. Kd3 g5 50. Rh6+ Kg7 51. fxg5 a5
52. Kc3 Rb5 53. Rd6 Rb4 54. Bc4 b5 55. Bd3 Rg4 56. h4 Rxh4 57. Rd5 b4+ 58. Kb3
Rh3 59. Kc4 Rh4+ 60. Kc5 Rg4 61. Rxf5 a4 62. Rd5 a3 63. Rd7+ Kf8 64. Bc4 Rxg5+
65. Kxb4 Rg7 66. Rd8+ Ke7 67. Ra8 Rg3 68. Bb3 Rg4+ 69. Kxa3 Kd6 70. Rc8 Rg1 71.
Kb4 Rb1 72. Rh8 Rb2 73. Rh6+ Ke5 74. Kc3 Rg2 75. Bc4 Rg1 76. Rh5+ Kd6 77. Rd5+
Kc6 78. Re5 Rc1+ 79. Kd4 Rd1+ 80. Bd3 Kd6 81. Rh5 Kd7 82. Rh6 Ke7 83. Ke4 Re1+
84. Kf5 Ra1 85. Re6+ Kd7 86. Bb5+ Kc7 87. Bd3 Rd1 88. Be4 Rd6 89. Re7+ Kb6 90.
Ke5 Rd8 91. Rb7+ Kc5 92. Rc7+ Kb6 93. Rc6+ Kb5 94. Rc1 Rd2 95. Rb1+ Kc5 96. Rb8
Re2 97. Rc8+ Kb6 98. Kd4 Rd2+ 99. Kc4 Rd6 100. Rb8+ Kc7 101. Rb7+ Kd8 102. Bd5
Rd7 103. Rb8+ Ke7 104. Kd4 Kf6 105. Rf8+ Kg7 106. Re8 Kf6 107. Re6+ Kf5 108.
Re1 Rd8 109. Rf1+ Kg4 110. Rf7 Re8 111. Be4 Rd8+ 112. Ke3 Kg5 113. Rc7 Rd6 114.
Rc5+ Kf6 115. Kf4 Rd1 116. Rc6+ Ke7 117. Ke5 Kd7 118. Rb6 Re1 119. Rb7+ Kc8
120. Rg7 Re2 121. Kd5 Kb8 1/2-1/2

[Event "25. Roquetas de Mar 2014"]
[Site "Roquetas de Mar ESP"]
[Date "2014.01.06"]
[Round "8.5"]
[White "Hoffman, Alejandro"]
[Black "Del Rey, Diego"]
[Result "0-1"]
[WhiteElo "2447"]
[BlackElo "2373"]
[PlyCount "56"]
[EventDate "2014.01.02"]
[EventType "swiss"]
[EventRounds "9"]
[EventCountry "ESP"]
[Source "lmi"]
[SourceDate "2014.01.02"]

1. g3 e5 2. Bg2 d5 3. c4 d4 4. d3 Bb4+ 5. Bd2 Bxd2+ 6. Nxd2 a5 7. Ngf3 Nc6 8.
O-O Nf6 9. a3 a4 10. Ne1 O-O 11. Nc2 Qd6 12. Rb1 Na5 13. Nb4 Bd7 14. e4 dxe3
15. fxe3 Ng4 16. Re1 f5 17. h3 Nf6 18. Qc2 Nh5 19. Nf1 f4 20. exf4 exf4 21.
Bd5+ Kh8 22. g4 f3 23. c5 Qh6 24. Re3 Nf4 25. Bxf3 Nxh3+ 26. Kg2 Qh4 27. Nh2
Nb3 28. Rf1 Qg5 0-1

[Event "25. Roquetas de Mar 2014"]
[Site "Roquetas de Mar ESP"]
[Date "2014.01.06"]
[Round "8.6"]
[White "Castellanos Rodriguez, Renier"]
[Black "Sos Andreu, Eric"]
[Result "1/2-1/2"]
[WhiteElo "2506"]
[BlackElo "2285"]
[PlyCount "106"]
[EventDate "2014.01.02"]
[EventType "swiss"]
[EventRounds "9"]
[EventCountry "ESP"]
[Source "lmi"]
[SourceDate "2014.01.02"]

1. e4 c6 2. d4 d5 3. e5 c5 4. Ne2 Nc6 5. c3 Bf5 6. dxc5 Nxe5 7. Nd4 Bd7 8. Bf4
Ng6 9. Bg3 e5 10. Nf3 Bxc5 11. Qxd5 Qb6 12. Qb3 Qxb3 13. axb3 f6 14. Nbd2 Nh6
15. b4 Be7 16. Nc4 O-O 17. Nfd2 Nf5 18. Be2 Bc6 19. O-O Rfd8 20. Rfd1 Nf8 21.
Na5 Bd5 22. Nf1 Kh8 23. Nc4 Ne6 24. Rxd5 Rxd5 25. Nb6 axb6 26. Rxa8+ Rd8 27.
Rxd8+ Nxd8 28. Ne3 Nxg3 29. hxg3 Nf7 30. Nc4 Bd8 31. Bf3 Bc7 32. Bxb7 Nd6 33.
Nxd6 Bxd6 34. Kf1 Kg8 35. Ke2 Kf7 36. Kd3 Ke6 37. Kc4 Kd7 38. Kb5 Kc7 39. Be4
g6 40. g4 Bf8 41. c4 Bh6 42. c5 Bd2 43. cxb6+ Kb8 44. Kc5 Be1 45. f3 h5 46.
gxh5 gxh5 47. Kd6 h4 48. Ke6 Bf2 49. Kxf6 Bg3 50. Kf5 Bf4 51. Kg4 Bg3 52. b7
Bf2 53. b5 Bg3 1/2-1/2

[Event "25. Roquetas de Mar 2014"]
[Site "Roquetas de Mar ESP"]
[Date "2014.01.06"]
[Round "9.1"]
[White "Del Rey, Diego"]
[Black "Ibarra Jerez, Jose Carlos"]
[Result "1/2-1/2"]
[WhiteElo "2373"]
[BlackElo "2510"]
[PlyCount "44"]
[EventDate "2014.01.02"]
[EventType "swiss"]
[EventRounds "9"]
[EventCountry "ESP"]
[Source "lmi"]
[SourceDate "2014.01.02"]

1. d4 d5 2. c4 dxc4 3. Nf3 Nf6 4. e3 e6 5. Bxc4 a6 6. O-O c5 7. dxc5 Qxd1 8.
Rxd1 Bxc5 9. a3 Nbd7 10. b4 Be7 11. Bb2 b5 12. Be2 Bb7 13. Nbd2 O-O 14. Rac1
Rac8 15. Ne5 Nxe5 16. Bxe5 Rfd8 17. Nf3 Rxd1+ 18. Rxd1 Rd8 19. Rc1 Rc8 20. Rd1
Rd8 21. Rc1 Rc8 22. Rd1 Rd8 1/2-1/2

[Event "25. Roquetas de Mar 2014"]
[Site "Roquetas de Mar ESP"]
[Date "2014.01.06"]
[Round "9.2"]
[White "Svetushkin, Dmitry"]
[Black "Ducarmon, Quinten"]
[Result "1/2-1/2"]
[WhiteElo "2586"]
[BlackElo "2456"]
[PlyCount "101"]
[EventDate "2014.01.02"]
[EventType "swiss"]
[EventRounds "9"]
[EventCountry "ESP"]
[Source "lmi"]
[SourceDate "2014.01.02"]

1. e4 c5 2. Nf3 e6 3. d4 cxd4 4. Nxd4 Nc6 5. Nb5 d6 6. c4 Nf6 7. N1c3 a6 8. Na3
b6 9. Be2 Bb7 10. O-O Be7 11. Be3 O-O 12. Qb3 Nd7 13. Rfd1 Nc5 14. Qc2 Bf6 15.
Rac1 Qe7 16. Nab1 Nb4 17. Qd2 Rfd8 18. Bd4 Be5 19. Qe3 Nc6 20. Bxe5 dxe5 21.
Nd2 Rd4 22. Nf3 Rad8 23. Bf1 f6 24. Qe1 Rxd1 25. Rxd1 Rd6 26. h4 Qd8 27. Rxd6
Qxd6 28. Qe3 Nd4 29. Ne1 f5 30. f3 Qe7 31. g3 a5 32. Kf2 Qf6 33. Bd3 f4 34. Qd2
fxg3+ 35. Kxg3 Nxd3 36. Qxd3 Qf4+ 37. Kh3 Qc1 38. Nd1 Ba6 39. b3 b5 40. c5 h6
41. Kg2 Qxc5 42. Ne3 Qc1 43. N1c2 Qb1 44. Kg3 Qg1+ 45. Ng2 Qb1 46. Nge1 Kh7 47.
Kh3 Nxc2 48. Nxc2 Qh1+ 49. Kg3 Qg1+ 50. Kh3 Qh1+ 51. Kg3 1/2-1/2

[Event "25. Roquetas de Mar 2014"]
[Site "Roquetas de Mar ESP"]
[Date "2014.01.06"]
[Round "9.3"]
[White "Plaskett, James H."]
[Black "Camacho Collados, Marcos"]
[Result "1-0"]
[WhiteElo "2490"]
[BlackElo "2420"]
[PlyCount "61"]
[EventDate "2014.01.02"]
[EventType "swiss"]
[EventRounds "9"]
[EventCountry "ESP"]
[Source "lmi"]
[SourceDate "2014.01.02"]

1. e4 d6 2. d4 g6 3. Nc3 Bg7 4. f4 a6 5. Nf3 b5 6. Bd3 Bb7 7. Qe2 Nd7 8. Nd1 c5
9. c3 cxd4 10. cxd4 Qb6 11. Be3 Ngf6 12. Nf2 d5 13. e5 Ne4 14. O-O O-O 15. g4
f5 16. gxf5 gxf5 17. Kh1 Qh6 18. Rg1 Qh5 19. Ng5 Qxe2 20. Bxe2 Nxg5 21. Rxg5 e6
22. Rag1 Rf7 23. Bd2 Nf8 24. Nd3 Bc6 25. Bh5 Rfa7 26. Bb4 Kh8 27. Bc5 h6 28.
R5g3 Rd7 29. Bd6 Rc8 30. Nc5 Rxd6 31. Rxg7 1-0

[Event "25. Roquetas de Mar 2014"]
[Site "Roquetas de Mar ESP"]
[Date "2014.01.06"]
[Round "9.4"]
[White "Camacho Collados, Jose"]
[Black "Fernandez Romero, Ernesto"]
[Result "1/2-1/2"]
[WhiteElo "2377"]
[BlackElo "2468"]
[PlyCount "50"]
[EventDate "2014.01.02"]
[EventType "swiss"]
[EventRounds "9"]
[EventCountry "ESP"]
[Source "lmi"]
[SourceDate "2014.01.02"]

1. Nf3 d5 2. d4 c6 3. e3 e6 4. Bd3 f5 5. Ne5 Nf6 6. Nd2 Bd6 7. f4 O-O 8. O-O b6
9. Ndf3 Bb7 10. Bd2 Ne4 11. Be1 Nd7 12. Bh4 Qe8 13. Nxd7 Qxd7 14. Ne5 Qc7 15.
Qe2 c5 16. c3 a5 17. Rf3 Bxe5 18. fxe5 c4 19. Bxe4 fxe4 20. Rxf8+ Rxf8 21. Rf1
Rxf1+ 22. Qxf1 b5 23. h3 Qf7 24. Qxf7+ Kxf7 25. Bd8 a4 1/2-1/2

[Event "25. Roquetas de Mar 2014"]
[Site "Roquetas de Mar ESP"]
[Date "2014.01.06"]
[Round "9.5"]
[White "Barria Zuñiga, Daniel"]
[Black "Firat, Burak"]
[Result "1/2-1/2"]
[WhiteElo "2435"]
[BlackElo "2448"]
[PlyCount "81"]
[EventDate "2014.01.02"]
[EventType "swiss"]
[EventRounds "9"]
[EventCountry "ESP"]
[Source "lmi"]
[SourceDate "2014.01.02"]

1. Nf3 Nf6 2. c4 g6 3. Nc3 d5 4. d4 Bg7 5. Bf4 O-O 6. e3 c5 7. dxc5 Ne4 8. Rc1
Nxc3 9. bxc3 Qa5 10. Be5 Bxe5 11. Nxe5 Qc7 12. Qxd5 Be6 13. Qe4 Na6 14. c6 b6
15. Be2 Rfd8 16. O-O Rd2 17. Bf3 Rad8 18. h4 Bf5 19. Qf4 f6 20. Ng4 Qxf4 21.
exf4 Kf8 22. Ne3 Bc8 23. Nd5 Kf7 24. Rfd1 Rxd1+ 25. Rxd1 e6 26. Nb4 Rxd1+ 27.
Bxd1 Ke7 28. f3 Kd6 29. Kf2 Nc5 30. Ke3 a5 31. Nd3 Kxc6 32. Kd4 Nxd3 33. Ba4+
Kd6 34. Kxd3 Kc5 35. Bb5 e5 36. fxe5 Bf5+ 37. Ke3 fxe5 38. a3 Be6 39. Kd3 Bf5+
40. Ke3 Be6 41. Ke4 1/2-1/2